|
|
|
|
| LEADER |
01106pam a22002658a 4500 |
| 001 |
00044505 |
| 005 |
20210310130315.0 |
| 008 |
110816s2004 ||||||viesd |
| 020 |
# |
# |
|c 26700
|
| 041 |
0 |
# |
|a vie
|
| 082 |
1 |
4 |
|a 428
|b Đ452M
|
| 100 |
0 |
# |
|a Hoàng, Văn Vân
|e Chủ biên
|
| 245 |
0 |
0 |
|a Đổi mới phương pháp dạy tiếng Anh ở trung học phổ thông Việt Nam
|c Hoàng Văn Vân; Nguyễn Thị Chi; Hoàng Thị Xuân Hoa
|
| 260 |
# |
# |
|a Hà Nội
|b Giáo dục
|c 2006
|
| 300 |
# |
# |
|a 371 tr.
|b minh họa
|c 21 cm.
|
| 650 |
# |
4 |
|a Tiếng anh
|
| 653 |
# |
# |
|a Phương pháp
|
| 653 |
# |
# |
|a THPT
|
| 653 |
# |
# |
|a Tiếng anh
|
| 653 |
# |
# |
|a đổi mới
|
| 700 |
1 |
# |
|a Hoàng, Thị Xuân Hoa
|
| 700 |
1 |
# |
|a Nguyễn, Thị Chi
|
| 852 |
# |
# |
|j KD.0026195
|j KM.0031600
|j KM.0031601
|j KM.0031602
|j KM.0031603
|j KM.0031604
|j KM.0031605
|j KM.0031606
|j KM.0031607
|j KM.0031608
|j KM.0031609
|j KM.0031610
|j KM.0031611
|j KM.0031612
|j KM.0031613
|j KM.0031614
|j KM.0031615
|
| 910 |
# |
# |
|d 6/8/2019
|
| 980 |
# |
# |
|a Trung tâm Học liệu Lê Vũ Hùng, Trường Đại học Đồng Tháp
|